| 000 | 01157nam0a22002771 4500 | ||
|---|---|---|---|
| 001 | rc\587594 | ||
| 005 | 20250621174122.0 | ||
| 010 |
_a5-87846-225-7 _9500 |
||
| 035 | _a(NLR Aleph) 005833849 | ||
| 090 |
_a5607918 _c5607918 |
||
| 100 | _a20031121d1999 |||y0rusy50 ca | ||
| 101 | 0 | _arus | |
| 102 | _aRU | ||
| 105 | _ay ||||||||| | ||
| 200 | 1 |
_aАлександр Блок и русский символизм: мифопоэтический аспект _eСпецкурс _fИ.С. Приходько _gМ-во общ. и проф. образования Рос. Федерации, Владим. гос. пед. ун-т. Каф. рус. и зарубеж. лит. |
|
| 210 |
_aВладимир _cИзд-во ВГПУ _d1999 |
||
| 215 |
_a79 с. _d21 |
||
| 320 | _aБиблиогр.: с. 65-79 | ||
| 600 | 1 |
_aБлок _bА.А. _gАлександр Александрович _f1880-1921 _2psbo |
|
| 700 | 1 |
_7ca _8rus _aПриходько _bИ. С. _f1943-2014 _gИрина Степановна _9255220 _3RU\NLR\AUTH\770255276 |
|
| 801 | 0 |
_aRU _bNLR _gpsbo |
|
| 801 | 1 |
_aRU _bELAR _2rusmarc |
|
| 852 |
_aNLR _j99-4/617 |
||
| 942 | _cBOOK | ||
| 980 | _aNB | ||